Materiály a povrchové úpravy vhodné na prípravky pri výrobe batérií pre elektromobilitu

Saved in:
Bibliographic Details
Main Author: Hruboš, Michal (Author)
Other Authors: Sejč, Pavol (Thesis advisor)
Format: Manuscript Book
Language:Slovak
Published: 2022
Subjects:
Online Access:http://is.stuba.sk/zp/portal_zp.pl?podrobnosti=172464
Tags: Add Tag
No Tags, Be the first to tag this record!

MARC

LEADER 00000ntm a22000003a 4500
001 stuzp90930
003 SK-STU
005 20220611214129.6
007 ta
008 150427s2015----xo-----f-mn---000-0-slo-d
040 |a STU  |b slo 
041 0 |a slo 
100 1 |a Hruboš, Michal  |u 020050  |4 aut  |U SjF Strojnícka fakulta  |T SjF Ústav technológií a materiálov  |X 98622  |U J0050  |Y 803  |7 98622 
242 0 1 |a Materials and surface treatment suitable for jigs in the manufacture of batteries for electromobility  |y eng 
245 1 0 |a Materiály a povrchové úpravy vhodné na prípravky pri výrobe batérií pre elektromobilitu 
260 |c 2022 
650 4 |a materiály  |2 slo 
650 4 |a povrchové úpravy  |2 slo 
650 4 |a elektromobilita  |2 slo 
650 4 |a electromobility  |2 eng 
650 4 |a materials  |2 eng 
650 4 |a surface treatments  |2 eng 
700 1 |a Sejč, Pavol  |u 020050  |k Z1  |4 ths  |U SjF Strojnícka fakulta  |T SjF Ústav technológií a materiálov  |X 2300  |U J0050  |Y 803  |7 A000002300 
856 4 |u http://is.stuba.sk/zp/portal_zp.pl?podrobnosti=172464 
996 |b 284J046904  |c J* 3404/DBP  |l JJSK  |s A  |a 24  |w stuzp90930_0001